000 00275nam a2200109Ia 4500
008 200302s9999 xx 000 0 und d
100 _aNeeta das and Rosie
245 _aMurshidabad Forgotten Capital of Bengal
260 _bMarg Publication
260 _c2013
300 _a136
999 _c5814
_d5814